000 00595nam a2200133Ia 4500
008 170516s9999 xx 000 0 und d
245 _aAssessing Cerebrovascular Reactivity in Carotid Steno-Occlusive Disease Using MRI BOLD and ASL Techniques, Renata F. Leoni, Kelley C. Mazzetto-Betti, Afonso C. Silva, Antonio C. dos Santos, Draulio B. de Araujo, João P. Leite, and Octavio M. Pontes-Neto
260 _bRadiology Research and Practice
260 _c2012
300 _a:
650 _xRadiologic Technology
650 _xRadtech
856 _uhttps://www.hindawi.com/journals/rrp/contents/4/
999 _c332172
_d332172